Nazismo y clase obrera 1933-1993

Guardat en:
Dades bibliogràfiques
Autor principal: Bologna, Sergio (Autor)
Format: Llibre
Idioma:espanyol
Publicat: Madrid Akal 1999
Col·lecció:Colección Cuestiones de Antogonismo, 4
Matèries:
Etiquetes: Afegir etiqueta
Sense etiquetes, Sigues el primer a etiquetar aquest registre!

MARC

LEADER 00000nam a2200000 a 4500
001 UCO5292
003 CL-VaPUC
008 000901e19990000SP |||||||||||||||||spa|d
082 0 4 |a 321.94  |b BOL  |2 21 
100 0 |a Bologna, Sergio  |e author  |9 450058 
245 1 0 |a Nazismo y clase obrera 1933-1993 
300 |a 119 p 
942 |c BK 
945 |d 20000901 00:00:00  |a rbrito 
260 |a Madrid  |b Akal  |c 1999 
650 0 |a Nazismo   |9 347078 
650 0 |a Trabajadores  |9 260887 
650 0 |a Movimiento obrero   |9 322899 
650 7 |a PARTIDO COMUNISTA ALEMAN  |2 CL-VaPUC  |9 450059 
650 7 |a NACIONALSOCIALISMO  |2 CL-VaPUC  |9 314512 
583 |a last modification  |c 20000901 00:00:00  |k Rodrigo Vera 
490 0 |a Colección Cuestiones de Antogonismo, 4 
999 |c 291194  |d 291192 
952 |0 0  |1 0  |4 0  |6 321_940000000000000_BOL_1999  |7 0  |8 A  |9 340966  |a BIBHIS  |b BIBHIS  |d 2019-11-20  |i 3644715  |l 2  |o 321.94 BOL 1999  |p 3644715  |q 2025-05-16  |r 2025-04-16  |s 2025-04-16  |w 2019-11-20  |y BK  |k HIS 
952 |0 0  |1 0  |4 0  |6 321_940000000000000_BOL_1999  |7 0  |8 A  |9 340967  |a BIBHIS  |b BIBHIS  |d 2019-11-20  |i 3731316  |o 321.94 BOL 1999  |p 3731316  |r 2025-01-20  |w 2019-11-20  |y BK  |k HIS